[Event "EuYCh B18"]
[Site "Peniscola ESP"]
[Date "2002.10.06"]
[Round "7"]
[White "Novikov,S"]
[Black "Sitnikov,A"]
[Result "1-0"]
[WhiteElo "2485"]
[BlackElo "2338"]

1.Nf3 d5 2.g3 c6 3.b3 Bg4 4.Bg2 Nd7 5.Bb2 Ngf6 6.O-O e6 7.d3 Be7 8.Nbd2 a5
9.a3 O-O 10.h3 Bh5 11.e4 b5 12.g4 Bg6 13.Nh4 e5 14.Nxg6 hxg6 15.d4 exd4 16.Bxd4 Qc7
17.Re1 Bd6 18.exd5 Nxd5 19.Qf3 Ne5 20.Qe2 Rfe8 21.Ne4 Nf4 22.Qd2 Nxg2 23.Kxg2 Be7
24.Qc3 Bh4 25.Ng3 f6 26.Bc5 b4 27.axb4 axb4 28.Qxb4 Reb8 29.Qc3 Re8 30.Rad1 Rad8
31.b4 Kh7 32.Qb3 g5 33.Nf5 Ng6 34.Bd6 Nf4+ 35.Bxf4 Qxf4 36.Nxh4 gxh4 37.Rxe8 Rxe8
38.Qd3+ Kh6 39.c3 g5 40.Qf3 Qxf3+ 41.Kxf3 Re6 42.c4 Kg6 43.b5 cxb5 44.cxb5 Kf7
45.Rb1 Rb6 46.Ke4 Ke6 47.f4 gxf4 48.Kxf4 Kd5 49.Kf5 Kd4 50.Rb3 Kc4 51.Rf3 Kd4
52.Rb3 Kc4 53.Rb1 Kd3 54.Kg6 Kc2 55.Rb4 Kc3 56.Rf4 Rxb5 57.Kxf6 Kd3 58.g5 Ke3
59.Rxh4 Rb6+ 60.Kg7 Kf3 61.Rc4  1-0

[Event "EuYCh G18"]
[Site "Peniscola ESP"]
[Date "2002.10.08"]
[Round "9"]
[White "Harbuz,D"]
[Black "Gutierrez Castillo,P"]
[Result "1/2-1/2"]
[WhiteElo "2077"]
[BlackElo "2088"]

1.Nf3 d5 2.g3 c5 3.Bg2 Nc6 4.d3 e5 5.Nbd2 Be6 6.e4 d4 7.O-O f6 8.Nh4 Qd7
9.a3 Bd6 10.Nc4 Bc7 11.Qh5+ g6 12.Qe2 g5 13.Nf3 Bg4 14.a4 h5 15.Qd2 h4 16.Ne1 O-O-O
17.f3 Be6 18.b3 Nge7 19.Ba3 b6 20.Rf2 Ng6 21.g4 h3 22.Bf1 a5 23.Be2 Nf4 24.Qd1 Ne7
25.Bc1 Neg6 26.Na3 Bf7 27.Nb5 Bb8 28.Kh1 Kb7 29.Rf1 Ne6 30.Rg1 Ngf4 31.Bf1 Be8
32.Na3 Bf7 33.Nc4 Bc7  1/2-1/2

[Event "ch-ESP Open"]
[Site "Ayamonte ESP"]
[Date "2002.10.09"]
[Round "6"]
[White "Garcia Luque,A"]
[Black "Baron Rodriguez,Je"]
[Result "1-0"]
[WhiteElo "2400"]
[BlackElo "2412"]

1.Nf3 d5 2.g3 Bg4 3.Ne5 Bf5 4.c4 c6 5.Qb3 Qb6 6.Qxb6 axb6 7.cxd5 Be4 8.f3 Bxb1
9.Rxb1 Rxa2 10.e4 b5 11.d4 e6 12.dxc6 Bb4+ 13.Bd2 Bxd2+ 14.Kxd2 bxc6 15.Nxc6 Nxc6
16.Bxb5 Ne7 17.Rhc1 Kd7 18.d5 exd5 19.exd5 Rb8 20.Bxc6+ Kd6 21.Rc2 Rb3 22.Ke2 Rb8
23.Rd2 Nxc6 24.dxc6+ Kxc6 25.Rc1+ Kb6 26.Rc3 Re8+ 27.Kf2 Re7 28.Rb3+ Ka7
29.Rd4 Ra6 30.Rdb4 Rc7 31.g4 Ra1 32.h4 h6 33.h5 Ra5 34.Kg3 f5 35.Ra3 Rxa3
36.bxa3 fxg4 37.Kxg4 Ka6 38.a4 Rc5 39.f4 Rc1 40.Kf5 Rg1 41.Ke6 Ka5 42.Rc4 Rg3
43.Kf7 Rg4 44.Kg8 Kb6 45.Kh7 Ka5 46.Rc7 Kxa4 47.Rxg7 Rxf4 48.Kxh6 Kb5 49.Kg6 Rf1
50.h6  1-0

[Event "6th Final RUS Cup"]
[Site "Nefteyugansk RUS"]
[Date "2002.10.09"]
[Round "4"]
[White "Prokopchuk,E"]
[Black "Yevseev,D"]
[Result "1-0"]
[WhiteElo "2513"]
[BlackElo "2553"]

1.Nf3 d5 2.g3 Bg4 3.Bg2 Nd7 4.c4 e6 5.Qb3 Nc5 6.Qc2 Nf6 7.O-O Be7 8.d3 c6
9.Be3 Ncd7 10.cxd5 exd5 11.Qb3 Qc7 12.Nc3 O-O 13.Rac1 Rfc8 14.Nd4 Nc5 15.Qc2 Qd7
16.b4 Ne6 17.Qb2 Nxd4 18.Bxd4 Bh3 19.Na4 Bxg2 20.Kxg2 b6 21.Bxb6 axb6 22.Nxb6 Qb7
23.Nxa8 Rxa8 24.Qc3 Rc8 25.a3 h5 26.f3 h4 27.e4 dxe4 28.dxe4 Qb5 29.Qd3 Qe5
30.f4 Qxe4+ 31.Qxe4 Nxe4 32.g4 g6 33.Rfe1 f5 34.b5 c5 35.b6 Rb8 36.Rb1 Bd6
37.b7 c4 38.a4 c3 39.a5 c2 40.Rb2 fxg4 41.a6 h3+ 42.Kh1 Nf2+ 43.Kg1 Nd3 44.Rxc2 Nxe1
45.Rc8+ Kg7 46.a7 Nf3+ 47.Kf2 Rxb7 48.a8=Q Rb2+ 49.Ke3 Rb3+ 50.Ke4 Rb4+ 51.Kd5 Rd4+
52.Ke6 Bxf4 53.Rc7+  1-0

[Event "6th Final RUS Cup"]
[Site "Nefteyugansk RUS"]
[Date "2002.10.09"]
[Round "5"]
[White "Burmakin,V"]
[Black "Arzumanian,G"]
[Result "1-0"]
[WhiteElo "2581"]
[BlackElo "2455"]

1.Nf3 d5 2.g3 Bg4 3.Bg2 Nd7 4.d4 e6 5.O-O Ngf6 6.c4 c6 7.b3 Bd6 8.Bb2 Qc7
9.Nc3 Rd8 10.h3 Bh5 11.c5 Be7 12.Bc1 Bxf3 13.exf3 b6 14.b4 bxc5 15.bxc5 e5
16.Re1 O-O 17.Na4 Rfe8 18.Bb2 exd4 19.Bxd4 Bf8 20.Qd2 Rxe1+ 21.Rxe1 Rb8 22.Bf1 Qb7
23.Qc2 g6 24.h4 Nh5 25.Bh3 Qc7 26.Qc3 Ng7 27.Kh2 Rb5 28.f4 f5 29.Bf1 Rb8
30.Ba6 Kf7 31.Nb2 Bxc5 32.Bxc5 Nxc5 33.Qxc5 Rxb2 34.a4 Ne6 35.Qe3 Qd7 36.h5 Rb6
37.Bf1 Rb8 38.Qe5 Rd8 39.Rb1 Qc7 40.Qc3 c5 41.h6 Rb8 42.Re1 Nd4 43.Bg2 Rd8
44.Re5 Qc6 45.Qa5 Rd7 46.Qd2 Kf6 47.Qa2 c4 48.Qd2 Qc5 49.Qe3 Kf7 50.Re8 Nf3+
51.Bxf3 Qxe3 52.Rxe3 d4 53.Re5 c3 54.Rc5 Ke6 55.Kg2 Rd6 56.Rc4 Kf6 57.Kf1 g5
58.fxg5+ Kxg5 59.Ke2 d3+ 60.Kd1 c2+ 61.Kd2  1-0

[Event "TCh-AUT B"]
[Site "Mitte AUT"]
[Date "2002.10.11"]
[Round "1"]
[White "Schein,KH"]
[Black "Aschenbrenner,R"]
[Result "1-0"]
[WhiteElo "2232"]
[BlackElo "2230"]

1.Nf3 d5 2.g3 Nc6 3.Bg2 e5 4.d3 Nf6 5.O-O Be7 6.a3 a5 7.b3 Be6 8.Bb2 Nd7
9.Nbd2 O-O 10.e4 dxe4 11.dxe4 f6 12.Qe2 Nb6 13.Rfd1 Qe8 14.Nf1 Qf7 15.Ne3 Rfd8
16.Nh4 Bf8 17.f4 Bc5 18.Kh1 Nd4 19.Qe1 Qh5 20.f5 Bd7 21.b4 Bd6 22.bxa5 Na4
23.Bxd4 exd4 24.Nc4 Bc5 25.e5 Bb5 26.Nd2 Nc3 27.Bxb7 Nxd1 28.Rxd1 fxe5 29.Rb1 Be2
30.Bxa8 Rxa8 31.Qf2 Re8 32.Ne4 Be7 33.f6 gxf6 34.Nxf6+ Bxf6 35.Qxf6 Rf8 36.Qe6+ Kh8
37.Qd5 Bd1 38.Qe4 Rf1+ 39.Kg2 Bf3+ 40.Nxf3 Rxb1 41.a6 Ra1 42.a7 Rxa3 43.a8=Q+ Rxa8
44.Qxa8+ Kg7 45.Qe4 Kf6 46.g4  1-0

[Event "TCh-AUT B"]
[Site "Mitte AUT"]
[Date "2002.10.11"]
[Round "8"]
[White "Baumgartner,H"]
[Black "Bukal,V jr"]
[Result "1-0"]
[WhiteElo "2398"]
[BlackElo "2409"]

1.Nf3 d5 2.g3 Bg4 3.Bg2 Nd7 4.d4 e6 5.c4 c6 6.Nbd2 Ngf6 7.O-O Bd6 8.Qb3 Rb8
9.e4 Nxe4 10.Nxe4 dxe4 11.Ng5 Nf6 12.Nxe4 Nxe4 13.Bxe4 O-O 14.Bg2 Qa5 15.Be3 c5
16.Rfe1 Rfe8 17.a3 Qc7 18.Rac1 cxd4 19.Bxd4 e5 20.Bxa7 Ra8 21.Bb6 Qb8 22.c5 Bf8
23.Qd5 Re7 24.f4 Ra4 25.Rxe5 Rd7 26.Qb3 Rad4 27.Rce1 Be6 28.Qb5 Rd1 29.Qf1 Bc4
30.Rxd1 Bxf1 31.Rxd7 Bxg2 32.Rd8  1-0

[Event "TCh-AUT B"]
[Site "Mitte AUT"]
[Date "2002.10.12"]
[Round "2"]
[White "Supancic,D"]
[Black "Petschar,K"]
[Result "1-0"]
[WhiteElo "2381"]
[BlackElo "2291"]

1.Nf3 d5 2.g3 Bg4 3.Bg2 Nd7 4.O-O c6 5.d3 Ngf6 6.Nbd2 e5 7.e4 dxe4 8.dxe4 Bc5
9.Qe2 O-O 10.c3 a5 11.a4 Re8 12.h3 Bh5 13.Rd1 Qc7 14.Nc4 Bf8 15.g4 Bg6 16.Nh4 Nc5
17.Nf5 Nb3 18.Rb1 Nxc1 19.Rbxc1 Rad8 20.Rxd8 Rxd8 21.Rd1 Rxd1+ 22.Qxd1 Nd7
23.Nxa5 Nc5 24.Nc4 Ne6 25.a5 Nf4 26.Nb6 Bxf5 27.exf5 Bd6 28.b4 h5 29.g5 h4
30.g6 fxg6 31.fxg6 Nxg6 32.Qg4 Nf8 33.Bf1 g6 34.Qxh4 Kg7 35.Qg4 Qd8 36.h4 Kh6
37.Qg5+ Qxg5+ 38.hxg5+ Kxg5 39.Bh3  1-0

[Event "6th Final RUS Cup"]
[Site "Nefteyugansk RUS"]
[Date "2002.10.12"]
[Round "8"]
[White "Burmakin,V"]
[Black "Pridorozhni,A"]
[Result "1-0"]
[WhiteElo "2581"]
[BlackElo "2475"]

1.Nf3 d5 2.g3 c6 3.Bg2 Bf5 4.d3 Nf6 5.Nbd2 h6 6.O-O e6 7.Qe1 Nbd7 8.e4 dxe4
9.Nxe4 Be7 10.Bf4 Nc5 11.Nxf6+ Bxf6 12.Be5 Nd7 13.Bxf6 Nxf6 14.Qb4 Qe7 15.Qb3 O-O
16.a4 Qc7 17.a5 Rad8 18.Rfe1 Rfe8 19.Ne5 Nd5 20.d4 Rb8 21.Qc4 Rec8 22.c3 Qd6
23.Qc5 Qxc5 24.dxc5 Rd8 25.a6 f6 26.Nc4 bxa6 27.Rxa6 Bd3 28.Bf1 Bxf1 29.Kxf1 e5
30.Rea1 Rb5 31.R6a5 Rdb8 32.Rxb5 Rxb5 33.Ra5 Rb3 34.Rxa7 Rb5 35.Ra5 Rb3 36.Ra7 Kh7
37.Ke1 Nxc3 38.bxc3 Rxc3 39.Nd6 Rxc5 40.Ne8 Rc1+ 41.Ke2 Rc2+ 42.Ke3 Kg6  1-0

[Event "TCh-BEL 2001-2"]
[Site "Belgium BEL"]
[Date "2002.10.13"]
[Round "8"]
[White "Van Mechelen,J"]
[Black "Tiggelman,R"]
[Result "1-0"]
[WhiteElo "2264"]
[BlackElo "2165"]

1.Nf3 d5 2.g3 Nf6 3.Bg2 c6 4.O-O Bf5 5.d3 h6 6.c4 e6 7.Be3 Nbd7 8.Qb3 Qc7
9.Nc3 Nc5 10.Bxc5 Bxc5 11.cxd5 exd5 12.Rac1 Qb6 13.Qc2 Be7 14.Na4 Qc7 15.Nd4 Bh7
16.Nc5 a5 17.Qb3 Rb8 18.Rc2 O-O 19.Qc3 Nd7 20.Na6 bxa6 21.Nxc6 Qd6 22.Nxb8 Rxb8
23.Qxa5 Rb5 24.Qc7 Bf5 25.Qxd6 Bxd6 26.Rc6 Bc5 27.Rb1 Nb8 28.a4 Nxc6 29.axb5 Nd4
30.bxa6 Nxe2+ 31.Kh1 Bxd3 32.Ra1 Ba7 33.Bxd5 Nd4 34.Rc1 Nc2 35.Kg2 Bb6 36.Bb7 Bd4
37.Rd1 Nb4 38.Kf3 Ba7 39.Be4 Bxe4+ 40.Kxe4 Bxf2 41.Ra1 Ba7 42.Ra4 Nc6 43.Kd5 Nb8
44.Kd6 Kf8 45.Kc7 Nxa6+ 46.Rxa6 Bg1 47.Kd7 g6 48.h3 Kg7 49.g4 f5 50.Ke6 f4
51.Rc6 Bd4 52.b4 f3 53.Rc7+ Kg8 54.Rf7 f2 55.b5 Be3 56.Rf3 Kg7 57.Kd6 h5
58.gxh5 g5 59.Kc6 Kh6 60.b6 Kxh5 61.b7 Ba7 62.Rxf2 Kh4 63.Rf3 Bb8 64.Kd7 Bh2
65.Kc8 Be5 66.b8=Q Bxb8 67.Kxb8  1-0

[Event "TCh-BEL 2001-2"]
[Site "Belgium BEL"]
[Date "2002.10.13"]
[Round "8"]
[White "Vanderwaeren,S"]
[Black "Krijgelmans,J"]
[Result "1/2-1/2"]
[WhiteElo "2332"]
[BlackElo "2181"]

1.Nf3 d5 2.g3 c6 3.Bg2 Bg4 4.d3 Nd7 5.Nbd2 e6 6.O-O Bc5 7.c3 Ne7 8.h3 Bh5
9.b4 Bb6 10.Bb2 f6 11.c4 O-O 12.d4 f5 13.e3 Nf6 14.Qc2 Ne4 15.Ne5 Bc7 16.Nb3 Ng6
17.Nd3 Qd6 18.c5 Qe7 19.a4 Rae8 20.b5 Qg5 21.Nf4 Nxf4 22.exf4 Qf6 23.Bc1 g5
24.fxg5 Nxg5 25.f4 Ne4 26.Kh2 Re7 27.Rg1 Rg7 28.Bh1 Kh8 29.Be3  1/2-1/2

[Event "FSGM Oct"]
[Site "Budapest HUN"]
[Date "2002.10.13"]
[Round "9"]
[White "Kahn,E"]
[Black "Horvath,P1"]
[Result "0-1"]
[WhiteElo "2355"]
[BlackElo "2482"]

1.Nf3 d5 2.g3 c5 3.Bg2 g6 4.O-O Bg7 5.c3 e5 6.d3 Nc6 7.e4 Nge7 8.Nbd2 O-O
9.Qb3 d4 10.cxd4 cxd4 11.Nc4 h6 12.Bd2 Rb8 13.a4 Be6 14.Rfc1 Nc8 15.Qd1 Nd6
16.b3 Re8 17.Ne1 Qd7 18.Nc2 f5 19.Nxd6 Qxd6 20.Na3 Qf8 21.Nc4 f4 22.Qf1 g5
23.Bf3 g4 24.Bd1 h5 25.f3 Bh6 26.Qg2 fxg3 27.hxg3 Qf6 28.Bxh6 Qxh6 29.Qd2 Qxd2
30.Nxd2 Nb4 31.Be2 Rbc8 32.fxg4 Bxg4 33.Bxg4 hxg4 34.Nc4 Re6 35.Nb2 Rc3 36.Rxc3 dxc3
37.Nd1 Rc6 38.Rc1 c2 39.Ne3 Rc3 40.Kf1 Rxd3 41.Nxc2 Rc3 42.Rd1 Nxc2 43.Rd8+ Kf7
44.Rd7+ Ke6 45.Rxb7 Rxg3 46.b4 Rd3 47.a5 g3 48.Rxa7 Nxb4 49.Rb7 Nc6 50.Rb6 Kd6  0-1

[Event "FIDE Women's World Cup Gp B"]
[Site "Hyderabad IND"]
[Date "2002.10.13"]
[Round "4"]
[White "Vijayalakshmi,S"]
[Black "Swathi,G"]
[Result "1-0"]
[WhiteElo "2394"]
[BlackElo "2247"]

1.Nf3 d5 2.g3 Bg4 3.Bg2 Nd7 4.O-O e5 5.d3 c6 6.Nbd2 Bd6 7.h3 Bh5 8.e4 Ne7
9.Qe1 Qc7 10.b3 Bxf3 11.Bxf3 f5 12.Bb2 O-O 13.Qe2 Rae8 14.a3 Kh8 15.Rac1 Qb8
16.Bg2 Nf6 17.c4 fxe4 18.dxe4 d4 19.c5 Bc7 20.Nf3 b6 21.b4 bxc5 22.Rxc5 a5
23.Rc4 Bd6 24.Rb1 axb4 25.axb4 Qb6 26.Ne1 Nd7 27.Qg4 Qb7 28.Qd1 Nb6 29.Rcc1 Rb8
30.Nd3 Nd7 31.Rc2 Qa7 32.Ra1 Qc7 33.Ra4 Rb7 34.Bc1 Rfb8 35.Kh2 Nb6 36.Ra6 Nbc8
37.Bd2 Na7 38.h4 Nb5 39.h5 h6 40.Qg4 Qc8 41.Qh4 Qf8 42.f4 exf4 43.gxf4 Nc3
44.Rxc3 dxc3 45.Bxc3 Rb5 46.Qg4 Bc7 47.Bf3 Qf7 48.Kh3 Rd8 49.Nc5 Rxc5 50.bxc5 Rd3
51.Ra7 Bxf4 52.Bxg7+ Qxg7 53.Qxf4 Rd8 54.Qg3 Qf6 55.e5 Qf5+ 56.Qg4 Qxe5 57.Qe4 Qxe4
58.Bxe4 Re8 59.Rc7 Kg8 60.Kg4 Kf8 61.Bxc6 Nxc6 62.Rxc6 Re5 63.Rf6+ Ke7 64.Rf5 Re4+
65.Rf4 Re5 66.Rc4 Rg5+ 67.Kh4 Kd7 68.Rd4+ Kc7 69.Rd6 Rxc5 70.Rxh6 Kd7 71.Rg6 Ke7
72.h6 Kf7 73.h7 Rc8 74.Kh5 Rc5+ 75.Kh6 Rc8 76.Rg7+  1-0

[Event "TCh-AUT B"]
[Site "Mitte AUT"]
[Date "2002.10.13"]
[Round "3"]
[White "Topakian,R"]
[Black "Heimberger,R"]
[Result "0-1"]
[WhiteElo "2424"]
[BlackElo "2312"]

1.Nf3 d5 2.g3 Nf6 3.Bg2 g6 4.c4 e6 5.O-O Bg7 6.d4 O-O 7.Nc3 Nbd7 8.Qb3 c6
9.Rd1 Qb6 10.Na4 Qxb3 11.axb3 b6 12.Bf4 Bb7 13.Ne5 Rfd8 14.Nxd7 Rxd7 15.Be5 Rad8
16.c5 b5 17.Nc3 a6 18.e3 Ra8 19.Ra5 Ne8 20.Bxg7 Kxg7 21.Na2 Nc7 22.Nb4 Re8
23.f4 f6 24.Nd3 Rde7 25.Kf2 Rf8 26.Ke1 Kf7 27.Kd2 Ke8 28.Rf1 Kd8 29.Kc3 h6
30.Raa1 Rh8 31.Rf2 Ne8 32.Nb4 Nc7 33.Nd3 Ne8 34.g4 h5 35.g5 f5 36.Ne5 Rg7
37.Nxc6+ Bxc6 38.Rxa6 Kd7 39.b4 Nc7 40.Ra5 h4 41.h3 Rgg8 42.b3 Ra8 43.Bf1 Rxa5
44.bxa5 e5 45.dxe5 Ne6 46.b4 Kc7 47.Rd2 d4+ 48.exd4 Nxf4 49.Rf2 Ne6 50.d5 Bxd5
51.Bxb5 Nxg5 52.Bd3 Nxh3 53.Rh2 Nf4 54.Bc4 h3 55.b5 Bg2 56.a6 g5 57.Kb4 g4
58.b6+ Kb8 59.a7+ Kb7 60.Ka5 g3 61.Rxg2 hxg2 62.Bb5 g1=Q  0-1

[Event "FSFMA Oct"]
[Site "Budapest HUN"]
[Date "2002.10.14"]
[Round "10"]
[White "Szilardfy,G"]
[Black "Biro,Ge"]
[Result "1/2-1/2"]
[WhiteElo "2115"]
[BlackElo "2092"]

1.Nf3 d5 2.g3 Nf6 3.Bg2 g6 4.O-O Bg7 5.d3 O-O 6.Nbd2 c5 7.e4 dxe4 8.dxe4 Nc6
9.h3 Qc7 10.c3 Rd8 11.Qe2 e5 12.Kh2 b6 13.Re1 a5 14.a4 Ba6 15.Nc4 Rd7 16.Bf1 Ne8
17.Qc2 Bxc4 18.Bxc4 Rad8 19.Bg5 Bf6 20.Rad1  1/2-1/2

[Event "FIDE Women's World Cup Gp A"]
[Site "Hyderabad IND"]
[Date "2002.10.14"]
[Round "5"]
[White "Harika,D"]
[Black "Li Ruofan"]
[Result "1/2-1/2"]
[WhiteElo "2248"]
[BlackElo "2357"]

1.Nf3 d5 2.g3 Nf6 3.Bg2 g6 4.O-O Bg7 5.d4 O-O 6.c4 dxc4 7.Na3 Nc6 8.Nxc4 Be6
9.b3 Bd5 10.Bb2 a5 11.Rc1 a4 12.bxa4 Ra6 13.Nfe5 Bxg2 14.Kxg2 Qa8 15.Nxc6 bxc6
16.Kg1 Rxa4 17.a3 Rb8 18.Ba1 Nd5 19.e4 Nb6 20.Ne5 Bxe5 21.dxe5 Rxe4 22.Qf3 Rc4
23.h4 c5 24.Qb3 Rxc1 25.Rxc1 c4 26.Qe3 Qd5 27.h5 Ra8 28.Bd4 Nd7 29.e6 Qxe6
30.Qxe6 fxe6 31.hxg6 hxg6 32.Rxc4 c5 33.Be3 e5 34.Rc3 Rc8 35.a4 Kf7 36.a5 Ke6
37.a6 Kd6 38.a7 Kc6 39.Rd3 Ra8 40.Rxd7 Kxd7 41.Bxc5 Kc6 42.Be3 Kb7 43.Kg2 Rc8
44.Kh3 Rc4 45.g4 Ra4 46.Kh4 Kc6 47.Kg5 Kd5 48.Kxg6 Rxg4+ 49.Kf7 Ra4 50.Kxe7 Kc6
51.Ke6 Ra5 52.Ke7 Kc7 53.Ke6 Kc6 54.Ke7 Kc7 55.Ke6 Kc6 56.Ke7 Kc7 57.Ke6  1/2-1/2

[Event "19th Muensterland Open"]
[Site "Senden GER"]
[Date "2002.10.15"]
[Round "6"]
[White "Mainka,G"]
[Black "Sandipan,C"]
[Result "0-1"]
[WhiteElo "2319"]
[BlackElo "2510"]

1.Nf3 d5 2.g3 Nf6 3.Bg2 Bf5 4.c4 c6 5.cxd5 cxd5 6.Qb3 Qc8 7.Nc3 e6 8.d3 h6
9.Bf4 Nc6 10.O-O Be7 11.Rac1 O-O 12.Ne5 g5 13.e4 gxf4 14.Nxc6 bxc6 15.exf5 Qd7
16.fxe6 fxe6 17.Rce1 Bd6 18.d4 Kh8 19.Qc2 Nh7 20.Bh3 Rf6 21.Bg4 Rg8 22.Qe2 Qg7
23.Bh3 f3 24.Qe3 h5  0-1

[Event "1st It"]
[Site "Klaksvik FAI"]
[Date "2002.10.16"]
[Round "9"]
[White "Simonsen,H"]
[Black "Blauert,J"]
[Result "0-1"]
[WhiteElo "2231"]
[BlackElo "2418"]

1.Nf3 d5 2.g3 Nf6 3.Bg2 c5 4.O-O Nc6 5.d3 g6 6.Nc3 Bg7 7.a3 O-O 8.Rb1 a6
9.Na4 Nd7 10.c4 dxc4 11.dxc4 b5 12.Qd5 Qc7 13.cxb5 axb5 14.Nxc5 e6 15.Nxe6 fxe6
16.Qxe6+ Kh8 17.Bf4 Nde5 18.Nxe5 Nxe5 19.Qd5 Rb8 20.Rbc1 Qe7 21.Qc5 Qxc5
22.Rxc5 Re8 23.Rd1 Bf5 24.e4 Bg4 25.Rdd5 Rbd8 26.h3 Rxd5 27.exd5 Nf3+ 28.Bxf3 Bxf3
29.Be3 Bxb2 30.d6 Rd8 31.Rxb5 Rxd6 32.g4 Bxa3 33.Bh6 Rd1+ 34.Kh2 Bd6+ 35.Bf4 Bxf4+  0-1

[Event "Bundesliga 2002-3"]
[Site "Erfurt GER"]
[Date "2002.10.19"]
[Round "1"]
[White "Markowski,T"]
[Black "Slobodjan,R"]
[Result "1-0"]
[WhiteElo "2549"]
[BlackElo "2521"]

1.g3 d5 2.Nf3 Nf6 3.Bg2 g6 4.c4 c6 5.Qa4 e6 6.O-O Nbd7 7.cxd5 exd5 8.d3 Nc5
9.Qc2 Ne6 10.e4 Bg7 11.e5 Nd7 12.d4 O-O 13.Nc3 c5 14.dxc5 d4 15.Ne4 Nxe5
16.Nxe5 Bxe5 17.Bh6 Bg7 18.Bxg7 Kxg7 19.Rac1 Qc7 20.Nd6 Rd8 21.b4 a5 22.a3 axb4
23.axb4 Rb8 24.Qe4 Kg8 25.Rfd1 Rxd6 26.cxd6 Qxd6 27.Rb1 b6 28.Qd5 Qf8 29.Qe5 Bb7
30.Bh3 Re8 31.Bxe6 Rxe6 32.Qxd4 Qe8 33.Rbc1 Bf3 34.Rf1 b5 35.Qc3 Be2 36.Rfe1 Qe7
37.Qc5 Qf6 38.Qc8+ Kg7 39.Qc3 h5 40.Qxf6+ Kxf6 41.Rc2 Bc4 42.Rxe6+ Kxe6 43.f3 Ke5
44.Rd2 g5 45.Kf2 f5 46.Rd8 f4 47.gxf4+ gxf4 48.h4 Bd5 49.Rb8 Bc4 50.Rh8 Kd4
51.Rxh5 Kc3 52.Rf5 Kxb4 53.h5 Bd3 54.Rxf4+ Kc3 55.Ke3  1-0

[Event "10th Chigorin Mem"]
[Site "St Petersburg RUS"]
[Date "2002.10.25"]
[Round "1"]
[White "Zablotsky,S"]
[Black "Grachev,B"]
[Result "0-1"]
[WhiteElo "2391"]
[BlackElo "2489"]

1.Nf3 d5 2.g3 Nf6 3.Bg2 c6 4.O-O Bf5 5.b3 e6 6.Bb2 Be7 7.c4 O-O 8.d3 h6 9.Nbd2 Bh7
10.Rc1 Nbd7 11.Rc2 a5 12.a3 Re8 13.Qa1 Bf8 14.Rfc1 c5 15.Ne1 Qb8 16.e3 a4
17.Qa2 Ne5 18.e4 dxe4 19.dxe4 Nc6 20.Rb1 e5 21.f3 Qc7 22.Bf1 Nd7 23.Rc3 Be7
24.Rd3 axb3 25.Qxb3 Nd4 26.Qd1 f5 27.Bg2 Nb6 28.Nc2 Bg5 29.Ne3 fxe4 30.fxe4 Rad8
31.Ndf1 Qc6 32.Bc3 Ra8 33.Bd2 Ra6 34.Qg4 Bd8 35.Rc1 Qe6 36.Qd1 Be7 37.Rdc3 Na4
38.R3c2 Nxc2 39.Qxc2 Nb6 40.Ra1 Rea8 41.Bc1 Ra4 42.Rb1 Nxc4 43.Rxb7 Nxe3
44.Nxe3 Bg5 45.Qxc5 Bxe4 46.Bxe4 Rxe4 47.Qc7 Bxe3+ 48.Bxe3 Qg4 49.Qf7+ Kh7
50.Bf2 Rea4 51.Qe7 e4 52.Qe5 R4a5 53.Bc5 e3 54.Rc7 Rd8 55.Rf7 Rd1+ 56.Kg2 Rd2+
57.Kg1 Qd1+ 58.Rf1 Qc2 59.Qf5+ Qxf5 60.Rxf5 Rd1+  0-1

[Event "10th Chigorin Mem B"]
[Site "St Petersburg RUS"]
[Date "2002.10.26"]
[Round "2"]
[White "Zemerov,V"]
[Black "Gerasimov,Y"]
[Result "1/2-1/2"]
[WhiteElo "2317"]
[BlackElo "2115"]

1.Nf3 d5 2.g3 Nf6 3.Bg2 c6 4.d3 Bf5 5.Nbd2 e6 6.O-O Be7 7.c4 O-O 8.b3 h6
9.Bb2 Nbd7 10.Qc2 Bh7 11.a3 a5 12.Bc3 Re8 13.Qb2 Bf8 14.Rfc1 Qb6 15.b4 axb4
16.axb4 Qc7 17.Bh3 dxc4 18.Nxc4 Nd5 19.Be1 N7b6 20.Na5 Qe7 21.Rab1 Nc8 22.e4 Nf6
23.Bc3 Na7 24.Nd4 Red8 25.Bf1 Ne8 26.Nc4 Nd6 27.Nb6 Rab8 28.Qa2 Nac8 29.Na4 Na7
30.Nb6 Nac8 31.Na4 Na7  1/2-1/2

[Event "10th Chigorin Mem B"]
[Site "St Petersburg RUS"]
[Date "2002.10.26"]
[Round "2"]
[White "Shvedov,S"]
[Black "Mochna,N"]
[Result "1/2-1/2"]
[WhiteElo "2351"]
[BlackElo "2181"]

1.g3 d5 2.Nf3 Nf6 3.Bg2 g6 4.d4 Bg7 5.c4 O-O 6.Nc3 c5 7.dxc5 Qa5 8.cxd5 Ne4
9.O-O Nxc3 10.bxc3 Qxc3 11.Rb1 Qxc5 12.Qd3 Rd8 13.Rb5 Qc3 14.Qxc3 Bxc3 15.Ba3 Bf6
16.e4 Nd7 17.Rc1 Rb8 18.Rc7 a6 19.Rb1 b5 20.Bb4 e6 21.dxe6 fxe6 22.Bh3 Ne5
23.Nxe5 Bxe5 24.Rxc8 Rbxc8 25.Bxe6+ Kg7 26.Bxc8 Rxc8 27.Rd1 Rc4 28.a3 Bc3
29.Rd7+ Kg8 30.Rd8+ Kf7 31.Rd7+ Kg8 32.Bxc3 Rxc3 33.a4 b4 34.Rb7 a5 35.Rb5 b3
36.Kg2 Rc4 37.Rxb3 Rxe4 38.Ra3 Rb4 39.Kf3 Kf7 40.Ke3 Ke6 41.Ra2 h5 42.f3 Ke5
43.Kd3 Kf5 44.Ke3 Ke5 45.h3 Rb3+ 46.Kf2 Rb4 47.h4 Kf5 48.Kg2 Kf6 49.Ra3 Kf5
50.Kh3 Rc4 51.Ra2 Rb4 52.Kg2 Kf6 53.Kf2 Kf5 54.Ra3 Kf6 55.Kg2 Kf5 56.Kh3 Rc4
57.Ra2 Rb4  1/2-1/2

[Event "10th Chigorin Mem"]
[Site "St Petersburg RUS"]
[Date "2002.10.26"]
[Round "2"]
[White "Obukhov,A"]
[Black "Zimina,O"]
[Result "0-1"]
[WhiteElo "2453"]
[BlackElo "2376"]

1.Nf3 d5 2.g3 Bg4 3.Bg2 Nd7 4.c4 e6 5.cxd5 exd5 6.O-O c6 7.d3 Bd6 8.Qc2 Ne7
9.e4 O-O 10.Nc3 Rc8 11.Nh4 d4 12.Ne2 c5 13.h3 Be6 14.Nf4 Bxf4 15.Bxf4 b5
16.g4 c4 17.dxc4 Bxc4 18.Rfc1 Nc5 19.Bg3 Bxa2 20.Rxa2 Nb3 21.Qxb3 Rxc1+ 22.Kh2 d3
23.Bf3 d2 24.Bd1 Nc6 25.Nf5 Nd4 26.Nxd4 Qxd4 27.Qf3 Rd8 28.g5 Qd3 29.Rxa7 Qxf3
30.Bxf3 h6 31.gxh6 gxh6 32.Rb7 Rd3 33.Bh5 Rc5 34.Bd1 Rc1 35.Bh5 Rc5 36.Bd1 Kg7
37.b4 Rc1 38.Bh5 d1=Q 39.Be5+ Kg8 40.Rb8+ Rd8 41.Bxd1 Rxb8 42.Bxb8 Rxd1 43.Ba7 Re1
44.f3 Kg7 45.Kg3 Kg6 46.Kf4 Re2 47.Bc5 Rg2 48.Be7 f6 49.Bf8 h5 50.Bc5 h4
51.e5 fxe5+ 52.Kxe5 Rg3 53.Kd5 Rxh3 54.Be7 Rh1 55.Kc5 h3 56.Bd6 Rd1 57.Bb8 Rd8
58.Bg3 Kf5 59.Kxb5 Rg8 60.Bc7 Rg7 61.Bd6 Ke6 62.Kc6 Rb7  0-1

[Event "2nd Rohde Open"]
[Site "Sautron FRA"]
[Date "2002.10.27"]
[Round "2"]
[White "Lukov,V"]
[Black "Peric,Sl"]
[Result "1/2-1/2"]
[WhiteElo "2463"]
[BlackElo "2282"]

1.Nf3 d5 2.g3 c6 3.Bg2 Bg4 4.Ne5 Bh5 5.d4 Nf6 6.c4 e6 7.Qb3 Qb6 8.c5 Qxb3
9.axb3 Nbd7 10.Nd3 a6 11.b4 Rc8 12.Nd2 Be7 13.Nb3 Bd8 14.Bf4 Bc7 15.f3 Bg6
16.Kd2 Bxf4+ 17.gxf4 Bxd3 18.Kxd3 Kd8 19.e3 Kc7 20.Bf1 Nb8 21.Kd2 Rcd8 22.Bd3 g6
23.Ra3 Rhe8 24.Re1 Re7 25.Na5 Kc8 26.Kc3 Ne8 27.Rg1 Ng7  1/2-1/2

[Event "Olympiad"]
[Site "Bled SLO"]
[Date "2002.10.28"]
[Round "3"]
[White "Ivanisevic,I"]
[Black "Megaranto,S"]
[Result "1-0"]
[WhiteElo "2537"]
[BlackElo "2420"]

1.Nf3 d5 2.g3 Bf5 3.Bg2 e6 4.d3 Nf6 5.O-O h6 6.c4 c6 7.cxd5 exd5 8.Qb3 Qb6
9.Qc2 Be7 10.Nc3 Bh7 11.Rb1 O-O 12.b4 Nbd7 13.Be3 Qd8 14.Na4 b5 15.Nc5 Bxc5
16.Bxc5 Re8 17.Nd4 Qc7 18.Rfc1 Ne5 19.a4 a6 20.Ra1 h5 21.Nf3 Nxf3+ 22.Bxf3 Qe5
23.Qc3 Qf5 24.Bd4 Re6 25.axb5 cxb5 26.Qc7 g5 27.Qb7 Rae8 28.Rxa6 g4 29.Bg2 Bg6
30.Rxe6 fxe6 31.Rc8 Rxc8 32.Qxc8+ Kg7 33.e4 dxe4 34.Bxe4 Qg5 35.Qxe6  1-0

[Event "Open"]
[Site "Le Touquet FRA"]
[Date "2002.10.28"]
[Round "2"]
[White "Giffard,N"]
[Black "Leburgue,S"]
[Result "1-0"]
[WhiteElo "2303"]
[BlackElo "2115"]

1.Nf3 d5 2.g3 Bg4 3.Bg2 Nf6 4.d3 Nbd7 5.Nbd2 e5 6.h3 Bxf3 7.Bxf3 Bd6 8.c4 c6
9.cxd5 cxd5 10.O-O O-O 11.Bg2 Rc8 12.Nb1 Qa5 13.Nc3 Bb4 14.Bd2 d4 15.Nb1 Rc7
16.a3 Bxd2 17.Nxd2 b5 18.a4 Rfc8 19.axb5 Qxb5 20.Nc4 Nb6 21.Nd6 Qxb2 22.Nxc8 Rxc8
23.Rxa7 Nfd5 24.Rb7 Nc3 25.Qa1 Qxa1 26.Rxa1 Nca4 27.Kf1 g6 28.Ra7 Nc5 29.Ra8 Rxa8
30.Rxa8+ Kg7 31.Ra7 g5 32.Bc6 Kf8 33.Ra5  1-0

[Event "10th Chigorin Mem B"]
[Site "St Petersburg RUS"]
[Date "2002.10.28"]
[Round "4"]
[White "Nazarov,N"]
[Black "Sepman,Y"]
[Result "1-0"]
[WhiteElo "2219"]
[BlackElo "2312"]

1.Nf3 d5 2.g3 c6 3.Bg2 Nf6 4.b3 g6 5.Bb2 Bg7 6.O-O O-O 7.h3 Nbd7 8.e3 Re8
9.d4 Ne4 10.Nbd2 Ndf6 11.Ne5 Nxd2 12.Qxd2 Ne4 13.Qd3 f6 14.Nf3 Bf5 15.Qe2 Qd7
16.Kh2 Rad8 17.Rad1 g5 18.Nd2 Qc7 19.Nxe4 Bxe4 20.Bxe4 dxe4 21.Qg4 Qd7 22.Qxe4 f5
23.Qf3 Qd5 24.Qxd5+ cxd5 25.c4 e6 26.Rc1 Rc8 27.Rc2 Rc6 28.Rfc1 Rec8 29.c5 a5
30.Bc3 Ra8 31.a3 Bf8 32.Be1 b5 33.cxb6 Rxb6 34.Rc6 Rxb3 35.Rxe6 Bxa3 36.Ra1 a4
37.Re5 Bb2 38.Ra2 Rb5 39.Rxf5 h6 40.Rf6 Kg7 41.Rc6 a3 42.Kg2 Ra4 43.Kf3 Rb3
44.Ke2 Rc4 45.Rd6 Rc2+ 46.Bd2 Rb5 47.Kd1 Rc7 48.Ra6 Rf7 49.f4 gxf4 50.gxf4 Rc7
51.Ke2 Kh7 52.h4 h5 53.Kf3 Rc2 54.R6xa3 Rxd2 55.Ra7+ Kg8 56.Ra8+ Kf7 57.R2a7+ Kg6
58.Rg8+ Kh6 59.f5  1-0

[Event "10th Chigorin Mem"]
[Site "St Petersburg RUS"]
[Date "2002.10.28"]
[Round "4"]
[White "Obukhov,A"]
[Black "Palekha,A"]
[Result "1-0"]
[WhiteElo "2453"]
[BlackElo "2409"]

1.Nf3 d5 2.g3 c6 3.Bg2 Bg4 4.c4 e6 5.O-O Nd7 6.cxd5 exd5 7.d3 Bd6 8.Nc3 Ne7
9.h3 Bh5 10.g4 Bg6 11.e4 O-O 12.Nh4 dxe4 13.dxe4 Qc7 14.Nf5 Bxf5 15.exf5 Rad8
16.Bg5 f6 17.Be3 Bc5 18.Qb3+ Kh8 19.Ne2 Bxe3 20.fxe3 Rfe8 21.Nf4 Nf8 22.Qf7 Rc8
23.Rad1 Ng8 24.Qxc7 Rxc7 25.Rd3 Ne7 26.Rfd1 Kg8 27.h4 Kf7 28.b4 g6 29.e4 h6
30.Rd8 Rxd8 31.Rxd8 Nc8 32.Rxf8+  1-0